Confederación Española de Familias de Personas Sordas

Biblioteca

Vista normal Vista MARC
  • Simposio Internacional sobre Eliminación de Barreras de Comunicación

Entrada Nombre congreso

Número de registros utilizados en: 2

001 - NÚMERO DE CONTROL

  • campo de control: 486

003 - IDENTIFICADOR DEL NÚMERO DE CONTROL

  • campo de control: ES-MaFIAP

005 - FECHA Y HORA DE LA ÚLTIMA TRANSACCIÓN

  • campo de control: 20221003095653.0

008 - DATOS DE LONGITUD FIJA

  • campo de control de longitud fija: 221003|| aca||aabn | a|a d

040 ## - FUENTE DE LA CATALOGACIÓN

  • Centro catalogador/agencia de origen: ES-MaFIAP
  • Centro/agencia transcriptor: ES-MaFIAP

111 ## - ENCABEZAMIENTO--NOMBRE DE CONGRESO/REUNIÓN

  • Nombre de congreso/reunión o jurisdicción como elemento de entrada: Simposio Internacional sobre Eliminación de Barreras de Comunicación
  • Fecha del congreso o de la firma del tratado: 1993
  • Sede del congreso/Lugar de la reunión: Madrid

670 ## - FUENTE DE DATOS ENCONTRADOS

  • Cita de la fuente: Work cat.: (ES-MaFIAP)152: Simposio Internacional sobre Eliminación de Barreras de Comunicación 1993 Madrid, Simposio Internacional sobre Eliminación de Barreras de Comunicación, 1994

Esta web es posible gracias a:

Ministerio de Asuntos Sociales y Agenda 2030 Ministerio de Asuntos Sociales y Agenda 2030 Fundación ONCE

© FIAPAS 2015 | Servicio Telesor Aviso Legal y Política de Privacidad | Política de cookies | Acerca de FIAPAS
Confederación Española de Familias de Personas Sordas - C/ Pantoja, 5 (Local) – 28002 Madrid – / Tel: 91 576 51 49 – Fax: 91 576 57 46

Con tecnología Koha